Представление документа в формате RUSMARC

ПолеНазваниеЗначение
  Тип записи a
  Библиографический уровень m
001 Контрольный номер 8da9ce7fb28a4f7888151ce6529e6007
005 Дата корректировки 20221221091224.9
010 Индекс ISBN __
a ISBN 978-5-9221-1591-9
9 Тираж 1500 экз.
d Цена 1470-57
100 Данные общей обработки __
a Данные общей обработки 20220211d2021 aemy0rusy028902 ca
101 Язык документа 0_
a Язык текста rus
102 Страна публикации __
a Страна публикации RU
105 Кодированные данные (монография) __
a Кодированные данные (монография) a j 001yy
181 Поле кодированных данных: вид содержания _0
a Код вида содержания (ISBD) i
182 Поле кодированных данных: тип средства _0
a Код типа средства (ISBD) n
200 Заглавие и сведения об ответственности 1_
a Заглавие Колебания и волны. Оптика. Атомная и ядерная физика
203 Вид содержания и тип средства __
a Вид содержания Текст
c Тип средства непосредственный
210 Выходные данные 1_
d Дата издания 2021
215 Физическое описание __
a Объем 662, [1] с.
c Иллюстрации/тип воспроизводства ил.
320 Библиография __
a Библиография Предметный указатель: с. [655]-662
320 Библиография __
a Библиография Библиография: с. [663]
461 Уровень набора _0
1 2001
a Элементарный учебник физики
e учебное пособие : в 3 томах
f под редакцией Г. С. Ландсберга
v Т. 3
1 2101
a Москва
c Физматлит
d 2021
1 00120300efb03914b549c1b12df829b13a8
1 203
a Текст
c непосредственный
1 205
a Издание 15-е, исправленное
517 Другие варианты заглавия 1_
a Другие варианты заглавия Оптика. Атомная и ядерная физика
517 Другие варианты заглавия 1_
a Другие варианты заглавия Атомная и ядерная физика
606 Тематические рубрики __
2 Код системы nlr_sh
a Основная рубрика Физика
606 Тематические рубрики __
2 Код системы nlr_sh
a Основная рубрика Общие вопросы физики
610 Ключевые слова 0_
a Ключевые слова колебания (физика)
610 Ключевые слова 0_
a Ключевые слова волны (физика)
610 Ключевые слова 0_
a Ключевые слова оптика
610 Ключевые слова 0_
a Ключевые слова атомная физика
610 Ключевые слова 0_
a Ключевые слова ядерная физика
610 Ключевые слова 0_
a Ключевые слова механические колебания
610 Ключевые слова 0_
a Ключевые слова звуковые колебания
610 Ключевые слова 0_
a Ключевые слова электрические колебания
610 Ключевые слова 0_
a Ключевые слова волновые колебания
610 Ключевые слова 0_
a Ключевые слова интерференция волн
610 Ключевые слова 0_
a Ключевые слова электромагнитные волны
610 Ключевые слова 0_
a Ключевые слова геометрическая оптика
610 Ключевые слова 0_
a Ключевые слова световые явления
610 Ключевые слова 0_
a Ключевые слова фотометрия
610 Ключевые слова 0_
a Ключевые слова светотехника
610 Ключевые слова 0_
a Ключевые слова преломление света
610 Ключевые слова 0_
a Ключевые слова отражение света
610 Ключевые слова 0_
a Ключевые слова оптические системы
610 Ключевые слова 0_
a Ключевые слова оптические приборы
610 Ключевые слова 0_
a Ключевые слова физическая оптика
610 Ключевые слова 0_
a Ключевые слова интерференция света
610 Ключевые слова 0_
a Ключевые слова дифракция света
610 Ключевые слова 0_
a Ключевые слова оптическая голография
610 Ключевые слова 0_
a Ключевые слова физические принципы
610 Ключевые слова 0_
a Ключевые слова поляризация света
686 Индексы других классификаций __
2 Код системы rubbks
a Классификационный индекс 22.3я72
801 Источник записи _0
a Страна RU
b Организация Муниципальное бюджетное учреждение культуры "Централизованная библиотечная система" г. Сургут (Центральная городская библиотека им. А. С. Пушкина)
c Дата составления 20220211
g Правила каталогизации PSBO
801 Источник записи _1
a Страна RU
b Организация Муниципальное бюджетное учреждение культуры "Централизованная библиотечная система" г. Сургут (Центральная городская библиотека им. А. С. Пушкина)
c Дата составления 20220211
g Правила каталогизации PSBO
852 Данные о местонахождении __
i Авторский знак Э 45
j Шифр хранения 22.3я72
900 Макрообъекты __
a Макрообъекты Колебания и волны. Оптика. Атомная и ядерная физика. Т 3, 2021
901 Тип документа __
t Тип документа n
w Контрольный № источника 20300efb03914b549c1b12df829b13a8
a Ответственный КиК/Лукашук
903 Характеристики (МАРС) __
c Наименование библиотеки (МАРС) Муниципальное бюджетное учреждение культуры "Централизованная библиотечная система" г. Сургут (Центральная городская библиотека им. А. С. Пушкина)
a Дата передачи 20220211
969 Тип издания __
a Тип издания учебное пособие
990 Данные о заказе (DOS) __
j Количество экземпляров (DOS) 1
t N записи в КСУ для И/У (DOS) 202202